000 00497pab a2200193 454500
008 180718b2014 xxu||||| |||| 00| 0 eng d
100 _aSingh, Preet Pal
245 _aTraining initiative for PRIs: A case study in Haryana
260 _c2014
300 _ap.36-38.
362 _aJan
650 _aTraining - India - Haryana
650 _aPanchayat - - India - Haryana
650 _aTraining
650 _aPanchayat
773 _aKurukshetra (English)
908 _aN
909 _a102885
999 _c102883
_d102883